| 000 | 01121cam a2200241 4500 | ||
|---|---|---|---|
| 001 | WB3702-18 | ||
| 008 | 000000n2001 000 0 eng u | ||
| 035 | _a(Sirsi) u110318 | ||
| 245 | _aHousing studies | ||
| 260 | _c2001 | ||
| 490 |
_aUrban Environment Today _v(112) 4 January 2001, 2(1) |
||
| 520 | _aDETR good practice guide encourages local authorities to consider existing housing sites and car parks when preparing housing capacity studies, rather than focusing on more obvious locations. The guide, which is part of the DETR programme for pushing forward the new PPG3, suggests that housing densities on existing sites can be increased with better design and planning. "Tapping the potential: assessing urban housing capacity: towards better practice" is available from the DETR, tel: 0870 1226 236. | ||
| 590 | _aWB | ||
| 650 | _aDETR | ||
| 650 | _aPPG3 | ||
| 650 | _aPLANNING POLICY | ||
| 650 | _aHOUSING CAPACITY | ||
| 650 | _aCAR PARKS | ||
| 650 | _aHOUSING DEVELOPMENT | ||
| 650 | _aHOUSING DENSITY | ||
| 690 | _aENVIRONMENTAL AND LAND CONSULTANCY-PLANNING AND DEVELOPMENT | ||
| 942 | _n0 | ||
| 999 |
_c65788 _d65788 |
||